| 000 | 00778nam a22002177a 4500 | ||
|---|---|---|---|
| 005 | 20160805130539.0 | ||
| 010 | _aENG-115615 | ||
| 020 |
_a9789351437192 _c1295.00 |
||
| 035 | _aEN-99147 | ||
| 037 | _bDBAD/PUB | ||
| 082 | _a344.54099 | ||
| 100 | _aMudgal,Mukul | ||
| 245 |
_aLaw and sport in India development issues and challenges : _cby Mukul Mudgal [and] Viduspat Singhania _bintroducing chapters on the IPL probe report and the commonwealth games, 2010 / |
||
| 250 | _a.2nd ed. | ||
| 260 |
_aGurgaon _bLexis Nexis _c2016 |
||
| 270 |
_a14th Floor, Building No.10, Tower-B, DLF Cyber City, Phase-II _bGurgaon _e122002 |
||
| 300 |
_axxx,1181p. _c25cm(Hb) |
||
| 500 | _aIncludes index | ||
| 700 | _aSinghania,Vidushpat | ||
| 942 |
_2ddc _cEN _mMUD _h320 |
||
| 999 |
_c101725 _d101725 |
||